Pesticide leaching in polders: field and model studies on cracked clays and loamy land
Guardado en:
| Formato: | Libro |
|---|---|
| Lenguaje: | Undetermined |
| Publicado: |
The Netherland
Wageningen University
1997
|
| Materias: | |
| Etiquetas: |
Agregar Etiqueta
Sin Etiquetas, Sea el primero en etiquetar este registro!
|
| Thư viện lưu trữ: | Trung tâm Học liệu Trường Đại học Cần Thơ |
|---|
| LEADER | 00515nam a2200157Ia 4500 | ||
|---|---|---|---|
| 001 | CTU_38989 | ||
| 008 | 210402s9999 xx 000 0 und d | ||
| 082 | |a 632.95 | ||
| 082 | |b G874 | ||
| 245 | 0 | |a Pesticide leaching in polders: field and model studies on cracked clays and loamy land | |
| 260 | |a The Netherland | ||
| 260 | |b Wageningen University | ||
| 260 | |c 1997 | ||
| 650 | |a agriculture - environmental aspects,pesticides | ||
| 904 | |i Liên, 000603 | ||
| 980 | |a Trung tâm Học liệu Trường Đại học Cần Thơ | ||